000 00613cam a22002053a 4500
001 43281
003 PGUSA
005 20140828084002.0
008 130722s2013||||xxu|||||s|||||000 | eng d
040 _aPGUSA
_beng
042 _adc
100 1 _aBlackmore, R. D.
_q(Richard Doddridge),
_d1825-1900
245 1 0 _aCripps, the Carrier :
_bA Woodland Tale
_h[electronic resource] /
_cR. D. Blackmore
260 _bProject Gutenberg,
_c2013
506 _aPublic domain in the USA.
516 _aElectronic text
830 0 _aProject Gutenberg
_v43281
856 4 0 _uhttp://www.gutenberg.org/ebooks/43281
942 _cEB
999 _c272532
_d272532